Tendencias a nivel internacional sobre los sistemas de fiscalización y control de las cooperativas /
Bewaard in:
| Hoofdauteur: | |
|---|---|
| Formaat: | Texto |
| Onderwerpen: | |
| Tags: |
Voeg label toe
Geen labels, Wees de eerste die dit record labelt!
|
MARC
| LEADER | 00000 a a2200000 04500 | ||
|---|---|---|---|
| 001 | 14370 | ||
| 003 | |||
| 040 | |||
| 100 | |a Sánchez Boza, Roxana | ||
| 245 | |a Tendencias a nivel internacional sobre los sistemas de fiscalización y control de las cooperativas / |c Roxana Sánchez Boza | ||
| 650 | |a COOPERATIVAS | ||
| 650 | |a ASPECTOS JURIDICOS | ||
| 650 | |a AUDITORIA | ||
| 773 | |g número 100; páginas 109-142 | ||
| 999 | |c 24405 |d 24405 | ||
